[Event "Nice olm prel"]
[Site "Nice"]
[Date "1974.??.??"]
[Round "1"]
[White "Filip, Miroslav"]
[Black "Green, Ewen M"]
[Result "1-0"]
[WhiteElo "2495"]
[BlackElo "2200"]

1.d4 Nf6 2.c4 c5 3.d5 e6 4.Nc3 exd5 5.cxd5 d6 6.Nf3 g6 7.Bg5 h6 8.Bh4 Bg7
9.e3 g5 10.Bg3 Nh5 11.Nd2 Nxg3 12.hxg3 Nd7 13.Be2 Qe7 14.g4 Rb8 15.O-O Kf8
16.a4 Nf6 17.Re1 h5 18.gxh5 g4 19.g3 Qe5 20.Bf1 Qxh5 21.Bg2 Qh2+ 22.Kf1 Nh5
23.Nc4 Rh6 24.Ne4 Ke7 25.Ra3 Bf5 26.Nexd6 Rxd6 27.e4 Bd7 28.e5 Rg6 29.e6 Bd4
30.exd7+ Kxd7 31.Ne5+ Bxe5 32.Rxe5 Rbg8 33.Rae3 Rf6 34.Qb3 Rb6 35.Qc2 Rf6
36.Qxc5 Nxg3+ 37.Rxg3  1-0

[Event "Nice olm fin-A"]
[Site "Nice"]
[Date "1974.??.??"]
[Round "4"]
[White "Pribyl, Josef"]
[Black "Bellon Lopez, Juan Manuel"]
[Result "1/2-1/2"]
[WhiteElo "2455"]
[BlackElo "2405"]

1.d4 Nf6 2.c4 c5 3.d5 e6 4.Nc3 exd5 5.cxd5 d6 6.Nf3 g6 7.g3 Bg7 8.Bg2 O-O
9.O-O Re8 10.Nd2 Na6 11.Nc4 Bf8 12.Re1 Rb8 13.Nb5 Nc7 14.Nxa7 Bd7 15.Bf4 Ng4
16.Nxd6 g5 17.Nxe8 gxf4 18.Nxc7 fxg3 19.hxg3 Qxc7 20.a4 Bd6 21.Ra3 Ra8 22.Nb5 Bxb5
23.axb5 Rxa3 24.bxa3 Bxg3 25.fxg3 Qxg3 26.e3 Qf2+ 27.Kh1 Qh4+ 28.Kg1 Qf2+
29.Kh1 Qh4+  1/2-1/2

[Event "Nice olm fin-A"]
[Site "Nice"]
[Date "1974.??.??"]
[Round "12"]
[White "Hurme, Harri M"]
[Black "Tringov, Georgi P"]
[Result "1-0"]
[WhiteElo "2200"]
[BlackElo "2465"]

1.d4 Nf6 2.c4 c5 3.d5 e6 4.Nc3 exd5 5.cxd5 d6 6.Nf3 g6 7.Bg5 a6 8.a4 Bg7
9.e4 O-O 10.Nd2 Nh5 11.Be3 Nd7 12.Be2 Nhf6 13.Bg5 Re8 14.O-O Qc7 15.Qc2 b6
16.h3 h6 17.Bh4 g5 18.Bg3 Ne5 19.f4 gxf4 20.Rxf4 Ng6 21.Rff1 Nd7 22.Nc4 Nde5
23.Nxe5 Bxe5 24.Bxe5 Rxe5 25.Rf6 c4 26.Raf1 Qc5+ 27.Kh1 Ra7 28.Qd2 Kg7 29.Bd1 b5
30.Ne2 b4 31.Ng3 c3 32.bxc3 bxc3 33.Qc1 a5 34.Nh5+ Rxh5 35.Bxh5 Ba6 36.R1f2 Bd3
37.Bxg6 fxg6 38.Qf4 Qc7 39.Qg4 g5 40.Qf5 Bxe4 41.Qxe4  1-0

[Event "CSR-ch"]
[Site "Rimavska Sobota"]
[Date "1974.??.??"]
[Round "12"]
[White "Pribyl, Josef"]
[Black "Lechtynsky, Jiri"]
[Result "1-0"]
[WhiteElo "2455"]
[BlackElo "2390"]

1.d4 Nf6 2.c4 e6 3.Nf3 c5 4.d5 exd5 5.cxd5 d6 6.Nc3 g6 7.g3 Bg7 8.Bg2 O-O
9.O-O Re8 10.Nd2 a6 11.a4 Nbd7 12.h3 Qc7 13.Nc4 Nb6 14.Na3 Nbd7 15.e4 c4
16.Qe2 Ne5 17.Bf4 Nfd7 18.Rad1 Rb8 19.Be3 Nc5 20.Bd4 Bd7 21.f4 Ned3 22.Bxg7 Kxg7
23.Nxc4 b5 24.axb5 axb5 25.Ne3 b4 26.Rxd3 Nxd3 27.Qxd3 bxc3 28.Qd4+ f6 29.bxc3 Rec8
30.c4 Qc5 31.Qxc5 Rxc5 32.Ra1 Bc8 33.Kf2 Kf7 34.Ke2 Rb3 35.Bf1 Bb7 36.Kd2 Rc8
37.Bd3 Ke7 38.Kc2 Rb6 39.Kc3 Ra8 40.Rxa8 Bxa8 41.Kd4 Rb3 42.g4 g5 43.Nf5+ Kd7
44.fxg5 fxg5 45.Ng7 Bb7 46.Ne6 h6 47.c5 Rb2 48.cxd6 Kxd6 49.e5+ Ke7 50.Nc7 Kd7
51.d6 Rd2 52.Ke3 Rxd3+ 53.Kxd3 Bg2 54.Kd4 Bxh3 55.Kd5 Bxg4 56.e6+ Kc8 57.e7 Bd7
58.e8=Q+ Bxe8 59.Nxe8 g4 60.Ke6 Kd8 61.d7 g3 62.Kd6 g2 63.Ng7  1-0

[Event "SWE-ch"]
[Site "?"]
[Date "1974.??.??"]
[Round "4"]
[White "Helmertz, Per Inge"]
[Black "Wedberg, Tom"]
[Result "1/2-1/2"]
[WhiteElo "2235"]
[BlackElo "2200"]

1.c4 Nf6 2.d4 e6 3.Nf3 c5 4.d5 exd5 5.cxd5 d6 6.Nc3 g6 7.e4 Bg7 8.Nd2 O-O
9.Be2 Re8 10.O-O Nbd7 11.a4 Ne5 12.Qc2 g5 13.Nf3 Nxf3+ 14.Bxf3 Ng4 15.Nd1 Qf6
16.Ra3 h6 17.Bxg4 Bxg4 18.Ne3 Bd7 19.Nc4 b5 20.axb5 Bxb5 21.Re1 Re7 22.Ne3 Rae8
23.f3 Qg6 24.Bd2 Bd4 25.Bc3 f5 26.Bxd4 cxd4 27.Ra5 dxe3 28.Rxb5 f4 29.Qc6 g4
30.Kh1 gxf3 31.gxf3 Rg7 32.Qc2 Kh8 33.Ra5 Reg8 34.Raa1 h5 35.Qe2 h4 36.Qf1 Qg2+
37.Qxg2 Rxg2 38.Rxa7 e2 39.Ra8 h3 40.Rxg8+ Kxg8 41.b4 Kf7 42.b5 Ke7 43.b6 Kd7
44.Rc1 Rf2 45.Kg1 Rg2+  1/2-1/2

[Event "Vejle op"]
[Site "Vejle"]
[Date "1974.??.??"]
[Round "4"]
[White "Brinck Claussen, Bjorn"]
[Black "Poulsen, Allan"]
[Result "1-0"]
[WhiteElo "2390"]
[BlackElo "2280"]

1.d4 Nf6 2.c4 e6 3.Nf3 c5 4.d5 exd5 5.cxd5 d6 6.Nc3 g6 7.Nd2 Bg7 8.Nc4 O-O
9.Bg5 Re8 10.e3 a6 11.a4 Qc7 12.Bf4 Bf8 13.a5 Nbd7 14.Na4 Nh5 15.Bg5 h6 16.Nab6 Rb8
17.Bh4 f5 18.Be2 Ndf6 19.O-O Qf7 20.f3 Bd7 21.g4 g5 22.Be1 Ng7 23.Bc3 Bb5
24.e4 f4 25.b4 cxb4 26.Bxb4 Rbd8 27.Rc1 h5 28.h3 Qg6 29.Rf2 Bxc4 30.Rxc4 Re7
31.Bd3 Qh6 32.Re2 Nge8 33.e5 Rxe5 34.Bc3 Rxe2 35.Qxe2 Ng7 36.Qc2 hxg4 37.hxg4 Nfe8
38.Re4 Qh3 39.Qf2 Kf7 40.Bf1 Qh7 41.Qc2 Kg8 42.Kg2 Qh4 43.Be1 Qh6 44.Bd3 Nf6
45.Rb4 Re8 46.Bf2 Re7 47.Rb1 Nfe8 48.Rh1 Qf6 49.Bh7+ Kh8 50.Bf5+ Kg8 51.Nd7  1-0

[Event "Vejle op"]
[Site "Vejle"]
[Date "1974.??.??"]
[Round "7"]
[White "From, Sigfred"]
[Black "Nielsen, K."]
[Result "1-0"]
[WhiteElo "2200"]
[BlackElo "2200"]

1.d4 Nf6 2.c4 e6 3.Nf3 c5 4.d5 exd5 5.cxd5 d6 6.Nc3 g6 7.Bf4 Bg7 8.Qa4+ Bd7
9.Qb3 Qc7 10.e4 Nh5 11.Be3 O-O 12.Nd2 Na6 13.Be2 Rab8 14.a4 Nb4 15.Nb5 Bxb5
16.axb5 a6 17.O-O Nf6 18.Rfc1 Qe7 19.Bf3 Nd7 20.Be2 f5 21.f3 Kh8 22.Bf1 f4
23.Bf2 Ne5 24.Be1 g5 25.Nc4 Nxc4 26.Bxc4 Bd4+ 27.Kh1 axb5 28.Bxb5 Qe5 29.Bc3 Na6
30.Ra4 Bxc3 31.Qxc3 Qxc3 32.bxc3 Nc7 33.Rb1 Ra8 34.h3 b6 35.Rxa8 Rxa8 36.Bc6 Rb8
37.Ra1 Ne8 38.Bxe8 Rxe8 39.Ra7 Rb8 40.c4 b5 41.cxb5 Rxb5 42.Ra6 Rb1+ 43.Kh2 c4
44.Rxd6 Kg7 45.Rc6 Rc1 46.h4 c3 47.hxg5 c2 48.Rc7+ Kg6 49.d6 Kxg5 50.d7 Rd1
51.Rxc2 Rxd7 52.Rc5+  1-0

[Event "Club Argentino"]
[Site "Buenos Aires"]
[Date "1975.??.??"]
[Round "8"]
[White "De la Vega, Hector"]
[Black "Seidler, A."]
[Result "0-1"]
[WhiteElo "2360"]
[BlackElo "2200"]

1.Nf3 Nf6 2.d4 c5 3.d5 e6 4.c4 exd5 5.cxd5 d6 6.Nc3 g6 7.e4 Bg7 8.Be2 O-O
9.O-O Re8 10.Nd2 Nbd7 11.a4 Ne5 12.h3 g5 13.Nc4 Nxc4 14.Bxc4 Nxe4 15.Nxe4 Rxe4
16.Bd3 Rb4 17.Qh5 h6 18.f4 Qf6 19.fxg5 Qd4+ 20.Kh1 Qxd5 21.Bh7+ Kh8 22.Bf5 Bxf5
23.gxh6 Be5 24.Qxf5 Rg8 25.Bg5 Qe6 26.Bf6+ Qxf6 27.Qxf6+ Bxf6 28.Rxf6 Rxb2
29.Rg1 Rg6 30.Rxf7 c4 31.Rc7 d5 32.g3 Rxh6 33.h4 Rc6 34.Rd7 Rbb6 35.Re1 Re6
36.Rf1 Rf6 37.Re1 Rg6 38.Rc1 Rbd6 39.Rxb7 a6 40.Kg2 Rd8 41.g4 Rc6 42.Rf1 c3
43.Rff7 Rg6 44.g5 d4 45.Kf2 c2 46.Rbc7 d3  0-1

[Event "FRG-ch International"]
[Site "Mannheim"]
[Date "1975.??.??"]
[Round "10"]
[White "Sosonko, Gennadi"]
[Black "Kestler, Hans Guenther"]
[Result "1/2-1/2"]
[WhiteElo "2470"]
[BlackElo "2430"]

1.d4 Nf6 2.c4 e6 3.Nf3 c5 4.d5 exd5 5.cxd5 d6 6.Nc3 g6 7.Bf4 Bg7 8.Qa4+ Bd7
9.Qb3 Qc7 10.e4 O-O 11.e5 dxe5 12.Bxe5 Qb6 13.Qxb6  1/2-1/2

[Event "NOR-ch"]
[Site "?"]
[Date "1975.??.??"]
[Round "5"]
[White "Ogaard, Leif"]
[Black "Johannessen, Svein"]
[Result "1-0"]
[WhiteElo "2460"]
[BlackElo "2410"]

1.c4 Nf6 2.Nc3 e6 3.d4 c5 4.d5 exd5 5.cxd5 d6 6.Nf3 g6 7.e4 Bg7 8.Be2 O-O
9.O-O a6 10.a4 Re8 11.Nd2 Nbd7 12.Qc2 Nh5 13.Bxh5 gxh5 14.Nd1 b6 15.Ne3 Nf6
16.f3 Rb8 17.Ndc4 b5 18.axb5 axb5 19.Na5 Bd7 20.Nc6 Bxc6 21.dxc6 Rb6 22.Nf5 Rxc6
23.Qd2 Nd7 24.Nxg7 Kxg7 25.Qh6+ Kh8 26.Bg5 Qc8 27.Qxh5 Rg8 28.Bh4 Rg6 29.Qd5 Kg7
30.Ra7 Ra6 31.Rxa6 Qxa6 32.Bg3 b4 33.Rd1 Nf6 34.Qxd6 Qb5 35.Qe5 Qe2 36.Re1 Qc2
37.Bf2 c4 38.Qd4 Kh6 39.Qe3+ Kh5 40.Qc5+ Rg5 41.Qxb4  1-0

[Event "URS-chT"]
[Site "Riga"]
[Date "1975.??.??"]
[Round "?"]
[White "Furman, Semen Abramovich"]
[Black "Mamatov, Dair"]
[Result "1-0"]
[WhiteElo "2560"]
[BlackElo "2200"]

1.d4 Nf6 2.c4 e6 3.Nf3 c5 4.d5 exd5 5.cxd5 d6 6.Nc3 g6 7.Bg5 Bg7 8.e3 a6
9.Nd2 Qc7 10.a4 Nbd7 11.Be2 O-O 12.O-O h6 13.Bh4 Nh7 14.Bg3 Rd8 15.e4 g5
16.Nc4 Ne5 17.Nxe5 Bxe5 18.Bxe5 dxe5 19.Bg4 Nf6 20.Bxc8 Raxc8 21.Qf3 Ne8
22.Nd1 Rd6 23.Ne3 Rf6 24.Qh3 Kh7 25.Ra3 Rd8 26.Ng4 Rb6 27.a5 Rg6 28.Rc1 Nf6
29.Nxf6+ Rxf6 30.b4 c4 31.Rac3 b5 32.axb6 Qxb6 33.Qg3 Qxb4 34.Qxe5 Kg6 35.Rxc4 Qd2
36.R4c2 Qb4 37.Rc6 Rdd6 38.Rxd6 Rxd6 39.Qxd6+  1-0

[Event "IBM-B"]
[Site "Amsterdam"]
[Date "1976.??.??"]
[Round "8"]
[White "Woodhams, Michael"]
[Black "Van Baarle, C John"]
[Result "1-0"]
[WhiteElo "2430"]
[BlackElo "2330"]

1.d4 Nf6 2.c4 c5 3.d5 e6 4.Nc3 exd5 5.cxd5 d6 6.Nf3 g6 7.Bf4 a6 8.a4 Bg7
9.e4 O-O 10.Nd2 Nh5 11.Be3 Nd7 12.Be2 Nhf6 13.O-O Qc7 14.Qc2 Re8 15.h3 Rb8
16.Rae1 Nb6 17.Bf4 Bd7 18.Bh2 Rf8 19.f4 Ne8 20.Kh1 Nc8 21.Bf3 f6 22.g4 b5
23.axb5 axb5 24.f5 b4 25.Nd1 Bh6 26.Nc4 g5 27.Nde3 Na7 28.Bg3 Nb5 29.Qh2 Rf7
30.Ra1 Bf8 31.h4 gxh4 32.Qxh4 Nd4 33.Bd1 b3 34.Rg1 h6 35.Be1 Bb5 36.Qf2 Qb7
37.Bc3 Ra8 38.Rxa8 Qxa8 39.Nd2 Re7 40.Ng2 Qa4 41.Nf4 Nc7 42.Ne6 Ncxe6 43.fxe6 Bg7
44.Kg2 Be8 45.Qf4 Qa6 46.Re1 Bg6 47.Nxb3 Qd3 48.Qe3 Qxe3 49.Rxe3 Nb5 50.Nd2 Ra7
51.Kf3 h5 52.Be2 Nxc3 53.Rxc3 hxg4+ 54.Kxg4 f5+ 55.exf5 Bxc3 56.bxc3 Ra2
57.fxg6  1-0

[Event "CSR-ch"]
[Site "Ostrava"]
[Date "1976.??.??"]
[Round "13"]
[White "Plachetka, Jan"]
[Black "Jankovec, Ivan"]
[Result "1-0"]
[WhiteElo "2470"]
[BlackElo "2375"]

1.d4 Nf6 2.c4 e6 3.Nf3 c5 4.d5 exd5 5.cxd5 d6 6.Nc3 g6 7.e4 Bg7 8.Be2 O-O
9.O-O Na6 10.Bf4 Nc7 11.Nd2 Nfe8 12.a4 b6 13.a5 Rb8 14.axb6 axb6 15.Nb5 f5
16.exf5 Kh8 17.Ne4 Nxb5 18.Bxb5 Bxf5 19.Bg5 Qc7 20.Nc3 Bd7 21.Qa4 Bxb5 22.Nxb5 Qf7
23.Qb3 Nc7 24.Nxd6 Qxd5 25.Qxd5 Nxd5 26.Rad1 Nf6 27.Rfe1 Ng8 28.b3 h6 29.Bh4 Kh7
30.h3 Ra8 31.Nc4 b5 32.Nb6 Rae8 33.Rxe8 Rxe8 34.Rd5 Re1+ 35.Kh2 Rc1 36.Nd7 c4
37.Rxb5 c3 38.Rc5 Rb1 39.Rc7 Kh8 40.Bg3 Rxb3 41.Ne5 Kh7 42.Nd7 Kh8 43.Ne5 Kh7
44.Ng4 Kh8 45.Be5 Bxe5+ 46.Nxe5 Nf6 47.Nxg6+ Kg8 48.Ne7+ Kf8 49.Nf5 h5 50.f3 Nd5
51.Rc5 Nf4 52.Nd4 Rb4 53.Nc2 Rb2 54.Rxc3 h4 55.Rc4 Ng6 56.Ne3 Ne5 57.Rf4+ Kg8
58.Nf5  1-0

[Event "Vinkovci"]
[Site "Vinkovci"]
[Date "1976.??.??"]
[Round "?"]
[White "Sosonko, Gennadi"]
[Black "Minic, Dragoljub"]
[Result "1/2-1/2"]
[WhiteElo "2505"]
[BlackElo "2430"]

1.d4 Nf6 2.c4 c5 3.d5 e6 4.Nc3 exd5 5.cxd5 d6 6.Nf3 g6 7.Bf4 a6 8.e4 Bg7
9.Qa4+ Bd7 10.Qb3 Bc8 11.a4 O-O 12.Be2 Nh5 13.Bg5 f6 14.Bd2 Bh8 15.O-O Nd7
16.Nh4 f5 17.g3 Ng7 18.exf5 Nxf5 19.Nxf5 Rxf5 20.Rae1 Bd4 21.Ne4 Ne5 22.Bc3 Nf3+
23.Bxf3 Rxf3 24.Kg2 Bxc3 25.bxc3 Rf7 26.c4 Bf5 27.Re3 h6 28.Rfe1 Qd7 29.f3 Raf8
30.Nf2 Qd8 31.Qc3 h5 32.a5 Kh7 33.R1e2 g5 34.h3 h4 35.g4 Bg6 36.Rb2 Qd7 37.Rb6 Rf4
38.Nd3 Rd4 39.Nf2 Qf7 40.Rxd6 Qf4 41.Re7+ Rf7 42.Rxf7+ Bxf7 43.Rd7 Kg8 44.Rd8+ Kg7
45.Rc8 Bg6 46.Qe1  1/2-1/2

[Event "Birmingham"]
[Site "Birmingham"]
[Date "1977.??.??"]
[Round "5"]
[White "Lambert, Glenn EJ"]
[Black "Povah, Nigel E"]
[Result "0-1"]
[WhiteElo "2420"]
[BlackElo "2320"]

1.d4 Nf6 2.c4 c5 3.d5 e6 4.Nc3 exd5 5.cxd5 d6 6.Nf3 g6 7.e4 a6 8.Bf4 Bg7
9.Qa4+ Bd7 10.Qb3 b5 11.Bxd6 b4 12.Na4 Nxe4 13.Qe3 Bxa4 14.Qxe4+ Kd7 15.Ne5+ Kc8
16.Nxf7 Re8 17.Be5 Qe7 18.f4 Qxf7 19.Bc4 Qf5 20.Qxf5+ gxf5  0-1

[Event "HUN-ch"]
[Site "Budapest"]
[Date "1977.??.??"]
[Round "?"]
[White "Orso, Miklos"]
[Black "Sapi, Laszlo"]
[Result "1/2-1/2"]
[WhiteElo "2200"]
[BlackElo "2420"]

1.d4 Nf6 2.c4 c5 3.d5 e6 4.Nc3 exd5 5.cxd5 d6 6.Nf3 g6 7.Nd2 Bg7 8.e4 O-O
9.Be2 Re8 10.O-O Nbd7 11.a4 Ne5 12.Qc2 g5 13.Nc4 Nxc4 14.Bxc4 Ng4 15.Ne2 Qe7
16.f3 Ne5 17.Bb5 Rf8 18.Ng3 a6 19.Be2 Ng6 20.Bd2 Bd4+ 21.Kh1 Bd7 22.a5 Qe5
23.Bc3 Nf4 24.Bc4 Rac8 25.Rae1 Rce8 26.Rd1 Bxc3 27.Qxc3 h5 28.Rfe1 h4 29.Qxe5 Rxe5
30.Nf1 Rfe8 31.Nd2 Kg7 32.Kg1 Bb5 33.Re3 Nxd5 34.Rd3 Nb4  1/2-1/2

[Event "HUN-ch"]
[Site "Budapest"]
[Date "1977.??.??"]
[Round "?"]
[White "Eperjesi, Laszlo"]
[Black "Sapi, Laszlo"]
[Result "0-1"]
[WhiteElo "2400"]
[BlackElo "2420"]

1.d4 c5 2.d5 Nf6 3.c4 e6 4.Nc3 exd5 5.cxd5 d6 6.Nf3 g6 7.e4 Bg7 8.Be2 O-O
9.O-O Re8 10.Qc2 a6 11.a4 Bg4 12.Bf4 Qc7 13.a5 Nbd7 14.Ra4 Rac8 15.b3 c4
16.Rxc4 Qxa5 17.Bxd6 Rxc4 18.bxc4 Nc5 19.Bxc5 Qxc5 20.e5 Bxf3 21.Bxf3 Rxe5
22.Na4 Qc7 23.Qb3 Ne4 24.Rd1 Nd2 25.Qc2 Nxf3+ 26.gxf3 Rg5+ 27.Kh1 Rh5 28.d6 Qd7
29.Rd5 Qh3 30.Kg1 Be5 31.f4 Bxf4 32.Rxh5 Bxh2+ 33.Kh1 gxh5 34.d7 Bc7+ 35.Kg1 Qxd7
36.Nc5 Qg4+ 37.Kf1 h4 38.Ne4 Qh3+ 39.Ke2 Qe6 40.Kf1 h6  0-1

[Event "Lone Pine"]
[Site "Lone Pine"]
[Date "1977.??.??"]
[Round "4"]
[White "Garcia Palermo, Carlos"]
[Black "Henley, Ron W"]
[Result "1/2-1/2"]
[WhiteElo "2380"]
[BlackElo "2200"]

1.d4 Nf6 2.c4 c5 3.d5 e6 4.Nc3 exd5 5.cxd5 d6 6.Nf3 g6 7.Nd2 Bg7 8.e4 O-O
9.Be2 Re8 10.O-O Nbd7 11.a4 Ne5 12.Ra3 a6 13.a5 Rb8 14.Qc2 g5 15.Re1 g4 16.Nf1 b5
17.axb6 Qxb6 18.Ng3 h5 19.Bg5 Qxb2 20.Qxb2 Rxb2 21.Bxa6 Bxa6 22.Rxa6 Nh7
23.Be3 Nd3 24.Rd1 Bxc3 25.Rxd3 Rb1+ 26.Nf1 Be5 27.f4 Bf6 28.Ra4 Rb4 29.Rxb4 cxb4
30.Nd2 Bc3 31.e5 dxe5 32.d6 Nf6 33.fxe5 Rxe5 34.Nc4 Re4 35.d7 Nxd7 36.Rxd7 Rxc4
37.Rb7 Kg7 38.Kf2 Bd4 39.Bxd4+ Rxd4 40.Kg3 Kg6 41.Rb5 Rd3+ 42.Kh4 Rd2 43.Kg3 Rd3+
44.Kh4 Rd2 45.Kg3 Rb2 46.h3 gxh3 47.gxh3 b3 48.Kh4 f6 49.Rxb3 Rg2 50.Rf3 f5
51.Ra3 Kf6 52.Ra6+ Ke5 53.Ra5+ Ke4 54.Ra4+  1/2-1/2

[Event "Stary Smokovec"]
[Site "Stary Smokovec"]
[Date "1977.??.??"]
[Round "2"]
[White "Nemec, Tadeus"]
[Black "Sikora Lerch, Jan"]
[Result "0-1"]
[WhiteElo "2200"]
[BlackElo "2405"]

1.d4 c5 2.d5 e6 3.c4 exd5 4.cxd5 Nf6 5.Nc3 d6 6.Nf3 g6 7.Nd2 Nbd7 8.e4 Bg7
9.Be2 O-O 10.O-O Re8 11.f4 c4 12.Bxc4 Nc5 13.Bb5 Re7 14.Re1 Ng4 15.e5 Nd3
16.Nc4 Nxe1 17.h3 a6 18.exd6 axb5 19.dxe7 Qxe7 20.hxg4 bxc4 21.d6 Qe8 22.Bd2 Nd3
23.Nd5 Qd8 24.Be3 Qxd6 25.Nb6 Bd4 26.Nxc4 Bxe3+ 27.Nxe3 Qd4 28.Qd2 Bxg4  0-1

[Event "HUN-ch"]
[Site "Budapest"]
[Date "1978.??.??"]
[Round "?"]
[White "Eperjesi, Laszlo"]
[Black "Horvath, Tamas"]
[Result "1/2-1/2"]
[WhiteElo "2395"]
[BlackElo "2410"]

1.d4 Nf6 2.c4 c5 3.d5 e6 4.Nc3 exd5 5.cxd5 d6 6.Nf3 g6 7.e4 Bg7 8.Be2 O-O
9.O-O Re8 10.Qc2 Na6 11.Bf4 Nb4 12.Qb1 Nh5 13.Bg5 f6 14.Bd2 f5 15.Bg5 Bf6
16.Bxf6 Nxf6 17.Bb5 fxe4 18.Bxe8 exf3 19.Bxg6 hxg6 20.Qxg6+ Kh8 21.Rfe1  1/2-1/2

[Event "Buenos Aires ol (Men)"]
[Site "Buenos Aires"]
[Date "1978.??.??"]
[Round "?"]
[White "Bronstein, Luis"]
[Black "Tringov, Georgi P"]
[Result "0-1"]
[WhiteElo "2400"]
[BlackElo "2480"]

1.d4 Nf6 2.c4 c5 3.d5 e6 4.Nc3 exd5 5.cxd5 d6 6.Nf3 g6 7.Bf4 a6 8.a4 Bg7
9.e4 O-O 10.Be2 Bg4 11.Nd2 Bxe2 12.Qxe2 Nh5 13.Be3 Nd7 14.g4 Nhf6 15.O-O Re8
16.a5 Qc7 17.f3 b5 18.axb6 Nxb6 19.Kh1 Qb7 20.Ra2 Nfd7 21.Rfa1 Bd4 22.Bh6 Nxd5
23.Nxd5 Qxd5 24.Rxa6 Rxa6 25.Qxa6 Qe6 26.Nc4 Qf6 27.Kg2 Qh4 28.Be3 d5 29.Bxd4 cxd4
30.Nd6 Rb8 31.Ra2 Qf6 32.exd5 Ne5 33.Ra3 d3  0-1

[Event "Buenos Aires ol (Men)"]
[Site "Buenos Aires"]
[Date "1978.??.??"]
[Round "?"]
[White "Sosonko, Gennadi"]
[Black "Ermenkov, Evgenij"]
[Result "1/2-1/2"]
[WhiteElo "2575"]
[BlackElo "2520"]

1.d4 Nf6 2.c4 e6 3.Nf3 c5 4.d5 exd5 5.cxd5 d6 6.Nc3 g6 7.Bf4 a6 8.e4 Bg4
9.Bd3 Nbd7 10.O-O Nh5 11.Be3 Qf6  1/2-1/2

[Event "Wch U20"]
[Site "Graz"]
[Date "1978.??.??"]
[Round "9"]
[White "Ravikumar, Vaidyanathan"]
[Black "Tiller, Bjorn"]
[Result "1/2-1/2"]
[WhiteElo "2200"]
[BlackElo "2305"]

1.c4 Nf6 2.Nc3 e6 3.d4 c5 4.d5 exd5 5.cxd5 d6 6.Nf3 g6 7.g3 Bg7 8.Bg2 O-O
9.O-O a6 10.a4 Nbd7 11.Nd2 Re8 12.h3 Rb8 13.a5 b5 14.axb6 Nxb6 15.e4 a5 16.Re1 Ba6
17.Rxa5 Bd3 18.Ra7 Nfd7 19.Nb3 c4 20.Na5 Ne5 21.f4 Nc8 22.Ra6 Rb6 23.Ra8 Nd7
24.Na4 Rb5 25.Nc6 Qc7 26.Kh2 Qb7 27.Rxc8 Qxc8 28.Na7 Qb7 29.Nxb5 Qxb5 30.Nc3 Qb8
31.Qa4  1/2-1/2

[Event "Wch U20"]
[Site "Graz"]
[Date "1978.??.??"]
[Round "13"]
[White "Ristic, Nenad"]
[Black "Tiller, Bjorn"]
[Result "1/2-1/2"]
[WhiteElo "2200"]
[BlackElo "2305"]

1.d4 e6 2.Nf3 Nf6 3.c4 c5 4.d5 exd5 5.cxd5 d6 6.Nc3 g6 7.Bf4 Bg7 8.Qa4+ Bd7
9.Qb3 Qc7 10.e4 O-O 11.Be2 Nh5 12.Be3 Bg4 13.O-O a6 14.h3 Bxf3 15.Bxf3 b5
16.g4 Nf6 17.e5 Ne8 18.exd6 Nxd6 19.Bf4 Nd7 20.Rfe1 Rae8 21.Ne4 Ne5 22.Bg2 Nxe4
23.Rxe4 Qd7 24.Qa3 Nc4 25.Qxa6 Rxe4 26.Bxe4 Nxb2 27.Rb1 Re8 28.Bg2 c4 29.d6 Rf8
30.Re1 Nd3 31.Re7 Qd8 32.Bg3 c3 33.Rc7 c2 34.Qa3 c1=Q+ 35.Rxc1 Nxc1 36.Qxc1 Qf6
37.Qc7 Qa1+ 38.Kh2 Be5 39.Qc5 Bxg3+ 40.Kxg3 Qxa2 41.Bd5 Qb2 42.d7 Qe5+ 43.Kg2 Qb8
44.Qb4 Qb6 45.Kg1 Kg7 46.Qb2+  1/2-1/2

[Event "Halle 12th (Women)"]
[Site "Halle"]
[Date "1978.??.??"]
[Round "7"]
[White "Keller, Martina"]
[Black "Porubszky Angyalosine, Maria A"]
[Result "0-1"]
[WhiteElo "2130"]
[BlackElo "2155"]

1.d4 Nf6 2.Nf3 c5 3.d5 e6 4.c4 exd5 5.cxd5 d6 6.Nc3 g6 7.e4 Bg7 8.Bd3 O-O
9.O-O Na6 10.Nd2 Re8 11.Nc4 Nc7 12.Bf4 Bf8 13.a4 Nh5 14.Be3 b6 15.f4 Ba6
16.Qf3 Bxc4 17.Bxc4 Bg7 18.g4 Nf6 19.e5 dxe5 20.fxe5 Rxe5 21.Bf4 Nd7 22.Bb3 Rc8
23.Rad1 Ne8 24.d6 c4 25.Bc2 Kh8 26.Bxe5 Nxe5 27.Qh3 Qd7 28.Ne4 Kg8 29.Ng5 h6
30.Nxf7 Nxf7 31.Bxg6 Ng5 32.Qe3 Nxd6 33.Qf4 Nh3+  0-1

[Event "Lone Pine op"]
[Site "Lone Pine"]
[Date "1978.??.??"]
[Round "6"]
[White "Sahovic, Dragutin"]
[Black "Henley, Ron W"]
[Result "1-0"]
[WhiteElo "2490"]
[BlackElo "2340"]

1.d4 Nf6 2.c4 e6 3.Nf3 c5 4.d5 exd5 5.cxd5 d6 6.Nc3 g6 7.Nd2 Nbd7 8.e4 Bg7
9.Be2 O-O 10.O-O Re8 11.f4 a6 12.a4 c4 13.e5 dxe5 14.Nxc4 Nb6 15.fxe5 Nfxd5
16.Nd6 Nxc3 17.bxc3 Be6 18.Nxe8 Qxe8 19.Qd4 Nd7 20.Bf4 Rc8 21.Bf3 Rc4 22.Qe3 Qc8
23.a5 Qc7 24.Rfb1 Rxf4 25.Qxf4 Bxe5 26.Qh6 Nc5 27.Rd1 Bxc3 28.Rac1 Bxa5 29.Qg5 Bb6
30.Kh1 Kg7 31.Bd5 Bf5 32.Qe3 h5 33.Qd4+ f6 34.Bxb7 Qxb7 35.Rxc5 h4 36.Qb2 Be4
37.Rc3 Bc6 38.Rd6 Bb5 39.Rf3 Qe4 40.Qxf6+ Kh6 41.Qh8+ Kg5 42.Qf6+ Kh6 43.Rxb6 Qe1+
44.Rf1 Qxf1+ 45.Qxf1 Bxf1 46.Kg1 Bb5 47.Kf2 Kg5 48.Ke3 Kf5 49.Kd4 g5 50.Rb8 Bc6
51.Rb2 Bb5 52.Rf2+ Kg4 53.Ke5 Bc6 54.Rc2 Bb5 55.Kf6 h3 56.g3 Bf1 57.Rc5 Be2
58.Rxg5+ Kf3 59.Re5 Kf2 60.Kg5 Bf1 61.Ra5 Kg2 62.Ra2+ Kg1 63.Kh4 Bg2 64.g4 Kxh2
65.g5 Kg1 66.Kg3 Bf1 67.Ra1  1-0

[Event "Banicky kahanec"]
[Site "Prievidza"]
[Date "1978.??.??"]
[Round "?"]
[White "Hardicsay, Peter"]
[Black "Fronczek, Heinrich"]
[Result "1/2-1/2"]
[WhiteElo "2355"]
[BlackElo "2280"]

1.d4 Nf6 2.c4 c5 3.d5 e6 4.Nc3 exd5 5.cxd5 d6 6.Nf3 g6 7.Bf4 Bg7 8.Qa4+ Bd7
9.Qb3 Qc7 10.e4 O-O 11.Be2 Na6 12.O-O Nh5 13.Be3 Rab8 14.a4 Nb4 15.Nd2 f5
16.exf5 Bxf5 17.Nb5 Qd7 18.Rac1 b6 19.Rfd1 a6 20.Nc3 Nd3 21.Ra1 b5 22.axb5 axb5
23.Bxd3 Bxd3 24.Nce4 Bxe4 25.Nxe4 Nf4 26.h3 h6 27.Ra6 Be5 28.Qc2 Qf5 29.b3 Rf7
30.Rd2 Rd8 31.Ra5 b4 32.Ra6 Kg7 33.Bxf4 Qxf4 34.g3 Qf5 35.Kh2 g5 36.Qd3 Rdf8
37.Kg2 Qf3+ 38.Qxf3 Rxf3 39.Nxd6 Rxb3 40.Ne4 Bd4 41.Ra7+ Rf7 42.Rxf7+ Kxf7
43.Re2 Rd3 44.Nd6+ Kf8 45.Re8+ Kg7 46.Re7+ Kf8 47.Re8+ Kg7 48.Re7+ Kf8  1/2-1/2

[Event "Vilnius"]
[Site "Vilnius"]
[Date "1978.??.??"]
[Round "7"]
[White "Tukmakov, Vladimir B"]
[Black "Lechtynsky, Jiri"]
[Result "1/2-1/2"]
[WhiteElo "2560"]
[BlackElo "2420"]

1.d4 Nf6 2.c4 e6 3.Nf3 c5 4.d5 exd5 5.cxd5 d6 6.Nc3 g6 7.Bg5 Bg7 8.e3 O-O
9.Nd2 h6 10.Bh4 Na6 11.Nc4 Re8 12.Be2 Nc7 13.a4 b6 14.O-O Ba6 15.Qb3 Qe7
16.Rfd1 Bxc4 17.Bxc4 g5 18.Bg3 Nh5 19.Bd3 Nxg3 20.hxg3 h5 21.Rac1 Red8 22.Bb1 Ne8
23.Qc2 Kf8 24.Qe2 Nf6 25.Bd3 g4 26.Bb5 Bh6 27.Re1  1/2-1/2

[Event "NZD-ch"]
[Site "Auckland"]
[Date "1979.??.??"]
[Round "2"]
[White "Sarapu, Ortvin"]
[Black "Green, Ewen M"]
[Result "1/2-1/2"]
[WhiteElo "2330"]
[BlackElo "2320"]

1.d4 Nf6 2.c4 c5 3.d5 e6 4.Nc3 exd5 5.cxd5 d6 6.Nf3 g6 7.g3 Bg7 8.Bg2 O-O
9.O-O Qe7 10.Nd2 Nbd7 11.e4 b6 12.Qe2 Ne8 13.Re1 Nc7 14.a4 Ba6 15.Nb5 Rfe8
16.Bf1 f5 17.exf5 Qf8 18.Qd1 Rxe1 19.Qxe1 Bxb5 20.axb5 gxf5 21.Nf3 Kh8 22.Qd1 Ne5  1/2-1/2

[Event "JUG-34ch"]
[Site "Bjelovar"]
[Date "1979.??.??"]
[Round "10"]
[White "Nemet, Ivan"]
[Black "Rogulj, Branko"]
[Result "1-0"]
[WhiteElo "2470"]
[BlackElo "2440"]

1.d4 Nf6 2.Nf3 c5 3.d5 e6 4.c4 exd5 5.cxd5 d6 6.Nc3 g6 7.e4 Bg7 8.Be2 O-O
9.O-O Re8 10.Qc2 Na6 11.Re1 Bg4 12.Bf4 Nh5 13.Bg5 Bf6 14.Be3 Nb4 15.Qd2 c4
16.Bxc4 Bxf3 17.gxf3 Na6 18.Ne2 Nc5 19.Ng3 Ng7 20.Bxc5 dxc5 21.f4 Bd4 22.e5 b5
23.Bxb5 Qxd5 24.Bxe8 Rxe8 25.Rad1 Qxa2 26.Ra1 Qe6 27.Qe2 Rb8 28.Ra6 Qh3 29.Rxa7 Ne6
30.f5 gxf5 31.Kh1 Qg4 32.Nh5 Qxe2 33.Rxe2 f4 34.f3 Rxb2 35.Ra8+ Nf8 36.Re4 Rb1+
37.Kg2 Rg1+ 38.Kh3 Rg5 39.Nf6+ Kg7 40.Rxf8 Rxe5 41.Rxe5  1-0

[Event "Clarin"]
[Site "Buenos Aires"]
[Date "1979.??.??"]
[Round "10"]
[White "Rubinetti, Jorge A"]
[Black "Gheorghiu, Florin"]
[Result "0-1"]
[WhiteElo "2430"]
[BlackElo "2540"]

1.d4 Nf6 2.c4 c5 3.d5 e6 4.Nc3 exd5 5.cxd5 d6 6.Nf3 g6 7.g3 Bg7 8.Bg2 O-O
9.O-O Nbd7 10.h3 a6 11.a4 Re8 12.Nd2 Rb8 13.Nc4 Nb6 14.Na3 Bd7 15.a5 Nc8
16.Nc4 Bb5 17.Qb3 Bxc4 18.Qxc4 Nd7 19.Ra3 Ne7 20.Qa2 Nf5 21.e3 Ne5 22.Rd1 Qc7
23.Ra4 Rec8 24.Kh2 h5 25.Nb1 c4 26.e4 Nh6 27.Be3 h4 28.gxh4 Qe7 29.Bg5 f6
30.Be3 f5 31.Bg5 Qf8 32.Nd2 Nhf7 33.Nxc4 Nxg5 34.hxg5 fxe4 35.b3 Qf4+ 36.Kg1 Qxg5
37.Nxe5 Bxe5 38.Rxe4 Rc1 39.Ree1 Rc3 40.Qd2 Qxd2 41.Rxd2 Rxb3 42.Rc2 Ra3
43.Rec1 Rxa5 44.Rc8+ Rxc8 45.Rxc8+ Kf7 46.Rc7+ Kf6 47.Rxb7 Ra1+ 48.Bf1 a5
49.Kg2 a4 50.Ra7 Bd4 51.Ra6 Bc5 52.f4 a3 53.Bc4 Rc1 54.Ra4 Rc3 55.h4 Bd4
56.Ba2 Rc2+ 57.Kf3 Rxa2 58.Rxd4 Ra1 59.Ra4 a2 60.Kg2 Kf5 61.Kh2 Kg4 62.Kg2 Kxh4
63.f5+ Kg5 64.fxg6 Kxg6  0-1